00437cam a2200169ua 4500001000400000008003900004020001800043040000900061082001600070245004000086250000900126260004200135300002500177653002300202653002100225700002100246732110419n ii |||gr||||Z||||||eng a81-7033-046-7 cMAIN a328.33095441 aPolitical elite.cBy R C Swarankar. a1st. aNew Delhi.:bRawat publications.,988. axiv, 236 p.:c20 cm. aPolitical science. aPolitical elite.1 aSwarankar, R C.,